=LDR 00000nam 2200000 4500 =001 INLIS000000000024234 =005 20130612122832 =008 ***********************************Ind** =035 ##$$0010-061300000024234 =041 ##$$a Ind =082 ##$$a 297 =090 ##$$a 297, Qus m =100 ##$$a Qusyairi, Abdul Karim =245 ##$$a Makna tersembunyi di balik nama-nama indah asmaul husna, Abdul Karim Al Qusyairi =260 ##$$a Afafi6c1986 $b Bandung =300 ##$$a 283 hlm, 18 cm =650 ##$$a Asmaul husna =850 ##$$a NBPNMAT